| 000 | 00329 a2200145 4500 | ||
|---|---|---|---|
| 003 | Nust | ||
| 005 | 20170207154602.0 | ||
| 040 | _cNust | ||
| 082 | _a378.1662 | ||
| 100 | _aSharon Weiner | ||
| 245 |
_aHow to Prepare for The SAT* 1 _cSharon Weiner |
||
| 250 | _a21st | ||
| 260 |
_aLahore _bJahangir Book Depot _c2001 |
||
| 300 | _a787p; | ||
| 942 |
_2ddc _cBK |
||
| 999 |
_c198648 _d198648 |
||